000 00948nam a22002177a 4500
005 20240530110954.0
008 221204s2008 au a f b 000 0 eng d
040 _aEG-CaGPL
_cEG-CaGPL
082 0 4 _221
_a616.8914
_bم ع
100 0 _aمدحت عبدالحميد ابو زيد
245 1 0 _aالعلاج النفسى وتطبيقاته الجماعية :
_bالعلاج بضبط الذات والعلاج العقلانى الانفعالى السلوكى دراسات تدخلية وبروتوكولات علاجية /
_cتاليف مدحت عبدالحميد ابو زيد
250 _aط.1
260 _aالاسكندرية :
_bدار المعرفة الجامعية،
_c2008
300 _a405 ص. ؛
_c24 سم.
650 0 7 _aالعلاج النفسى
650 0 7 _aالطب النفسى
651 _2qrmak
700 _aمدحت عبدالحميد ابو زيد
942 _2ddc
_cBK
999 _c67062
_d67062